00596nam a2200181Ia 4500008004100000020002100041040002600062082001700088100001900105245005900124250001100183260003100194942004300225952010800268999001700376003000400393005001700397241206s9999||||xx |||||||||||||| ||und|| a9780321333506c0 bengcSSK Libraryerda a808.0666/REE a Diana C. Reep 0aTechnical Writing:Principles, Strategies, And Readings a6th ed b Pearson Educationc©2006 2Dewey Decimal ClassificationcBOOKnNo 00104070aSSHQbSSHQd2024-12-06l0o808.0666/REEp10071294r2024-12-06 22:26:51t1w2024-12-06yBOOK c16012d16012OSt20241206223238.0